[Event "Africa-ch Blitz (Women)"]
[Site "Casablanca"]
[Date "2019.08.28"]
[Round "6.9"]
[White "Gabatshwarwe, Refilwe"]
[Black "Rania, Sbai"]
[Result "1-0"]
[WhiteElo "1421"]
[BlackElo "1813"]
[PlyCount "70"]
[EventDate "2019.08.28"]
[EventType "swiss (blitz)"]
[EventRounds "9"]
[EventCountry "MAR"]
[SourceTitle "EXT 2024"]
[Source "ChessBase"]
[SourceDate "2023.10.10"]
[SourceVersion "1"]
[SourceVersionDate "2023.10.10"]
[SourceQuality "1"]

1. d4 d5 2. Nf3 Nf6 3. Bf4 e6 4. e3 c5 5. c3 Nc6 6. Nbd2 Bd6 7. Bg3 cxd4 8. exd4 Bxg3 9. hxg3 Qb6 10. Qb3 Qxb3 11. Nxb3 Ne4 12. Nbd2 f5 13. Bb5 Bd7 14. Bd3 h6 15. Nh2 0-0 16. Nhf3 Rf6 17. 0-0-0 Nxf2 18. Bc2 Nxd1 19. Kxd1 Raf8 20. Nb3 b6 21. Nbd2 Be8 22. Ba4 Ne7 23. Bxe8 Rxe8 24. Ne5 Ng6 25. Ndf3 f4 26. g4 Rc8 27. Kd2 Nf8 28. Nh4 Nh7 29. Nhg6 Rc7 30. Rf1 Ng5 31. Rxf4 Ne4+ 32. Ke3 Kh7 33. Rxf6 gxf6 34. Nf8+ Kg8 35. Nxe6 Re7 1-0

[Event "Africa-ch Blitz (Women)"]
[Site "Casablanca"]
[Date "2019.08.28"]
[Round "1.9"]
[White "Rania, Sbai"]
[Black "Beekhy, Aamirah"]
[Result "1-0"]
[WhiteElo "1813"]
[BlackElo "1373"]
[PlyCount "70"]
[EventDate "2019.08.28"]
[EventType "swiss (blitz)"]
[EventRounds "9"]
[EventCountry "MAR"]
[SourceTitle "EXT 2024"]
[Source "ChessBase"]
[SourceDate "2023.10.10"]
[SourceVersion "1"]
[SourceVersionDate "2023.10.10"]
[SourceQuality "1"]

1. d4 d6 2. c4 Nf6 3. Nc3 g6 4. e4 Bg7 5. Nf3 0-0 6. Be2 c5 7. d5 Bd7 8. 0-0 a6 9. Ne1 b5 10. cxb5 axb5 11. Nxb5 Nxe4 12. Qc2 Bf5 13. Bd3 Qb6 14. Nc3 Nxc3 15. bxc3 Bxd3 16. Nxd3 c4 17. Nb4 Na6 18. Nc6 Rfe8 19. Be3 Qc7 20. Nd4 Nc5 21. Nb5 Qd7 22. Nd4 Na4 23. Rab1 e5 24. Nc6 e4 25. Bd4 Bxd4 26. Nxd4 Nc5 27. Rb4 Nd3 28. Rxc4 Ne5 29. Nc6 Nxc4 30. Qb3 Ne5 31. Nxe5 dxe5 32. Rd1 Rab8 33. Qc2 Rb5 34. Qxe4 Reb8 35. h3 R8b7 1-0

[Event "Africa-ch Blitz (Women)"]
[Site "Casablanca"]
[Date "2019.08.28"]
[Round "3.2"]
[White "Rania, Sbai"]
[Black "Wafa, Shahenda"]
[Result "0-1"]
[WhiteElo "1813"]
[BlackElo "2003"]
[PlyCount "68"]
[EventDate "2019.08.28"]
[EventType "swiss (blitz)"]
[EventRounds "9"]
[EventCountry "MAR"]
[SourceTitle "EXT 2024"]
[Source "ChessBase"]
[SourceDate "2023.10.10"]
[SourceVersion "1"]
[SourceVersionDate "2023.10.10"]
[SourceQuality "1"]

1. d4 f5 2. c4 Nf6 3. Nc3 d6 4. Nf3 g6 5. Qc2 Bg7 6. e4 fxe4 7. Nxe4 0-0 8. h3 Nc6 9. Be3 Nxe4 10. Qxe4 Bf5 11. Qd5+ e6 12. Qb5 Qd7 13. Be2 a6 14. Qb3 Rab8 15. 0-0 Kh8 16. Bd3 Bxh3 17. Be4 Bf5 18. Bxc6 bxc6 19. Qa4 Rxb2 20. Qxa6 c5 21. dxc5 Rbb8 22. Rad1 Ra8 23. c6 Rxa6 24. cxd7 e5 25. c5 Bxd7 26. cxd6 cxd6 27. Bc5 e4 28. Ng5 Bg4 29. Rxd6 Ra5 30. Bb4 Rxg5 31. Rxg6 hxg6 32. Bxf8 Bxf8 33. f3 exf3 34. gxf3 Bh3+ 0-1

[Event "Africa-ch Blitz (Women)"]
[Site "Casablanca"]
[Date "2019.08.28"]
[Round "4.7"]
[White "Wakuruwarewa, Colletta"]
[Black "Rania, Sbai"]
[Result "0-1"]
[WhiteElo "1587"]
[BlackElo "1813"]
[PlyCount "60"]
[EventDate "2019.08.28"]
[EventType "swiss (blitz)"]
[EventRounds "9"]
[EventCountry "MAR"]
[SourceTitle "EXT 2024"]
[Source "ChessBase"]
[SourceDate "2023.10.10"]
[SourceVersion "1"]
[SourceVersionDate "2023.10.10"]
[SourceQuality "1"]

1. e4 e5 2. Nf3 Nc6 3. Bc4 Bc5 4. c3 Nf6 5. d3 a6 6. h3 h6 7. 0-0 d6 8. Re1 0-0 9. Be3 Ba7 10. Nbd2 Na5 11. Bb3 Nxb3 12. Nxb3 Kh8 13. Nbd2 Ng8 14. Nf1 f5 15. exf5 Bxf5 16. Qd2 Qf6 17. Ng3 Bxh3 18. Ne4 Qe7 19. g3 Rxf3 20. Bxa7 Rxa7 21. Re3 Qf7 22. Qe2 Bg4 23. Rxf3 Bxf3 24. Qe3 Ra8 25. Nd2 Bc6 26. Ne4 Rf8 27. Rf1 Nf6 28. b4 Ng4 29. Qe2 Qf3 30. a3 Qxe2 0-1

[Event "Africa-chT rapid (Women)"]
[Site "Casablanca"]
[Date "2019.08.26"]
[Round "5.15"]
[White "Beekhy, Aamirah"]
[Black "Rania, Sbai"]
[Result "1-0"]
[WhiteElo "1373"]
[BlackElo "1844"]
[PlyCount "31"]
[EventDate "2019.08.26"]
[EventType "swiss (rapid)"]
[EventRounds "9"]
[EventCountry "MAR"]
[SourceTitle "EXT 2020"]
[Source "ChessBase"]
[SourceDate "2019.10.17"]
[SourceVersion "1"]
[SourceVersionDate "2019.10.17"]
[SourceQuality "1"]

1. d4 d5 2. Nf3 Nf6 3. Bf4 c6 4. h3 Qb6 5. Qc1 Bf5 6. e3 Nbd7 7. Be2 e6 8. 0-0 c5 9. Nc3 cxd4 10. exd4 Bb4 11. Nb5 Rc8 12. c3 a6 13. Nc7+ Rxc7 14. Bxc7 Qxc7 15. cxb4 Qd6 16. Qc8+ 1-0

[Event "Africa-chT rapid"]
[Site "Casablanca"]
[Date "2019.08.25"]
[Round "9.4"]
[White "Mululu, Linah"]
[Black "Rania, Sbai"]
[Result "0-1"]
[WhiteElo "1633"]
[BlackElo "1853"]
[PlyCount "32"]
[EventDate "2019.08.24"]
[EventType "team-swiss (rapid)"]
[EventRounds "9"]
[EventCountry "MAR"]
[SourceTitle "EXT 2020"]
[Source "ChessBase"]
[SourceDate "2019.10.17"]
[SourceVersion "1"]
[SourceVersionDate "2019.10.17"]
[SourceQuality "1"]
[WhiteTeam "Zambia"]
[BlackTeam "Morocco"]
[WhiteTeamCountry "ZAM"]
[BlackTeamCountry "MAR"]

1. d4 d5 2. Nf3 Nf6 3. e3 Bg4 4. g3 c6 5. Bg2 Nbd7 6. Nbd2 Qc7 7. c4 e5 8. dxe5 Nxe5 9. Qb3 dxc4 10. Qc3 Nd3+ 11. Kf1 Rd8 12. Qxc4 Be6 13. Qa4 Bb4 14. Nd4 0-0 15. Ne4 Nd5 16. Qc2 Ne1 0-1

[Event "Africa-chT rapid"]
[Site "Casablanca"]
[Date "2019.08.24"]
[Round "2.2"]
[White "Miladi, Amen"]
[Black "Rania, Sbai"]
[Result "0-1"]
[WhiteElo "1811"]
[BlackElo "1853"]
[PlyCount "88"]
[EventDate "2019.08.24"]
[EventType "team-swiss (rapid)"]
[EventRounds "9"]
[EventCountry "MAR"]
[SourceTitle "EXT 2020"]
[Source "ChessBase"]
[SourceDate "2019.10.17"]
[SourceVersion "1"]
[SourceVersionDate "2019.10.17"]
[SourceQuality "1"]
[WhiteTeam "Tunisia"]
[BlackTeam "Morocco"]
[WhiteTeamCountry "TUN"]
[BlackTeamCountry "MAR"]

1. e4 e5 2. Nf3 Nc6 3. Bc4 Bc5 4. c3 Nf6 5. d3 d6 6. Bb3 h6 7. Nbd2 a6 8. Nf1 0-0 9. Ng3 Bg4 10. h3 Be6 11. Bc2 Ne7 12. 0-0 c6 13. d4 exd4 14. cxd4 Bb6 15. Be3 Ng6 16. Nd2 c5 17. dxc5 Bxc5 18. Qe2 Bxe3 19. Qxe3 Rc8 20. Bb3 Bxb3 21. Qxb3 Rc7 22. Rac1 Re8 23. Rfe1 Qd7 24. Rcd1 Rec8 25. Nf3 Qc6 26. Nd4 Qc4 27. Qxc4 Rxc4 28. Ndf5 Rc2 29. Nxd6 R8c7 30. e5 Nd7 31. Rb1 Ndxe5 32. f4 Nd3 33. Re8+ Kh7 34. Re2 Ngxf4 35. Re3 Rxg2+ 36. Kf1 Rf2+ 37. Kg1 Nxh3+ 38. Kh1 Rfc2 39. Rxd3 Nf2+ 40. Kg1 Nxd3 41. Nge4 Rc1+ 42. Rxc1 Rxc1+ 43. Kg2 Rc2+ 44. Kf3 Rxb2 0-1

[Event "Africa-chT rapid"]
[Site "Casablanca"]
[Date "2019.08.24"]
[Round "1.2"]
[White "Rania, Sbai"]
[Black "Mentile, Lishen"]
[Result "1-0"]
[WhiteElo "1853"]
[BlackElo "1513"]
[PlyCount "67"]
[EventDate "2019.08.24"]
[EventType "team-swiss (rapid)"]
[EventRounds "9"]
[EventCountry "MAR"]
[SourceTitle "EXT 2020"]
[Source "ChessBase"]
[SourceDate "2019.10.17"]
[SourceVersion "1"]
[SourceVersionDate "2019.10.17"]
[SourceQuality "1"]
[WhiteTeam "Morocco"]
[BlackTeam "Namibia"]
[WhiteTeamCountry "MAR"]
[BlackTeamCountry "NAM"]

1. d4 d5 2. c4 c6 3. Nc3 Nf6 4. Nf3 h6 5. e3 Bg4 6. cxd5 Nxd5 7. e4 Nf6 8. Be3 e6 9. Be2 Bb4 10. Qc2 Nbd7 11. 0-0 0-0 12. Rfd1 Qc7 13. a3 Bxc3 14. bxc3 Rad8 15. Rab1 b6 16. c4 e5 17. d5 cxd5 18. exd5 Nc5 19. Bxc5 Qxc5 20. Ne1 Bxe2 21. Qxe2 Rfe8 22. Nc2 Rc8 23. Ne3 Qxa3 24. Ra1 Qe7 25. d6 Qd7 26. Qa2 a5 27. Qb3 Rc6 28. c5 bxc5 29. Nc4 Ne4 30. Qd3 Nf6 31. Nxa5 Rb6 32. Rac1 Rc8 33. Nc4 Ne8 34. Nxb6 1-0

[Event "Olympiad Women-43"]
[Site "Batumi"]
[Date "2018.09.28"]
[Round "5.43"]
[White "Rania, Sbai"]
[Black "Raya, Alnaimat"]
[Result "1-0"]
[WhiteElo "1893"]
[BlackElo "1676"]
[PlyCount "89"]
[EventDate "2018.09.24"]
[EventType "team-swiss"]
[EventRounds "11"]
[EventCountry "GEO"]
[SourceTitle "EXT 2020"]
[Source "ChessBase"]
[SourceDate "2019.10.17"]
[SourceVersion "1"]
[SourceVersionDate "2019.10.17"]
[SourceQuality "1"]
[WhiteTeam "Morocco (W)"]
[BlackTeam "Jordan (W)"]
[WhiteTeamCountry "MAR"]
[BlackTeamCountry "JOR"]

1. d4 Nf6 2. Nf3 d6 3. c4 g6 4. Nc3 Bg7 5. e4 0-0 6. Be2 Nbd7 7. 0-0 e5 8. d5 h6 9. Ne1 Ne8 10. Be3 f5 11. f3 Nef6 12. Nd3 Qe7 13. b4 b6 14. Rc1 Ba6 15. b5 Bb7 16. Nb4 Nc5 17. Bxc5 bxc5 18. Nc6 Bxc6 19. bxc6 a6 20. Rb1 Ra7 21. Qa4 Raa8 22. Rb7 Rfc8 23. Rfb1 Ne8 24. Qc2 Qg5 25. Qd3 h5 26. Bf1 Bh6 27. Ne2 Qe3+ 28. Qxe3 Bxe3+ 29. Kh1 fxe4 30. fxe4 Nf6 31. g3 Nxe4 32. R1b3 Rf8 33. Rxe3 Rxf1+ 34. Kg2 Raf8 35. Rxe4 R8f2+ 36. Kh3 Rh1 37. Kh4 Kh7 38. g4 Kh6 39. g5+ Kg7 40. Rxc7+ Kf8 41. h3 Rf3 42. Ng3 Rh2 43. Rh7 Rhf2 44. Nxh5 gxh5 45. c7 1-0

[Event "Marrakesh Sekkat op 9th"]
[Site "Marrakesh"]
[Date "2016.11.26"]
[Round "1"]
[White "Rania, Sbai"]
[Black "Movsziszian, Karen"]
[Result "0-1"]
[WhiteElo "1887"]
[BlackElo "2523"]
[PlyCount "72"]
[EventDate "2016.11.26"]
[EventType "swiss"]
[EventRounds "9"]
[EventCountry "MAR"]
[SourceTitle "EXT 2018"]
[Source "ChessBase"]
[SourceDate "2017.10.13"]
[SourceVersion "1"]
[SourceVersionDate "2017.10.13"]
[SourceQuality "1"]

1. d4 d6 2. c4 e5 3. dxe5 dxe5 4. Qxd8+ Kxd8 5. Nc3 Be6 6. e3 Nd7 7. Bd2 c6 8. Nf3 f6 9. Be2 Nh6 10. Ne4 Nf7 11. Bc3 a5 12. 0-0 Be7 13. Rfd1 Kc7 14. b3 g5 15. a3 h5 16. b4 f5 17. Ned2 g4 18. Ne1 b6 19. Nd3 Rhe8 20. Rac1 axb4 21. axb4 Bf6 22. Nb2 Ra3 23. f4 Rxc3 24. Rxc3 exf4 25. Rc2 fxe3 26. Nf1 f4 27. Nd3 Bg5 28. Ra1 Nfe5 29. Ne1 Bf5 30. Ra7+ Kd6 31. Rc1 Ke6 32. Ra3 Be4 33. Rd1 f3 34. gxf3 gxf3 35. Nxf3 Bxf3 36. Re1 Rg8 0-1

[Event "Olympiad Women-42"]
[Site "Baku"]
[Date "2016.09.10"]
[Round "8.2"]
[White "Rania, Sbai"]
[Black "Thorsteinsdottir, Gudlaug"]
[Result "1-0"]
[WhiteElo "1907"]
[BlackElo "2046"]
[PlyCount "93"]
[EventDate "2016.09.02"]
[EventType "team-swiss"]
[EventRounds "11"]
[EventCountry "AZE"]
[SourceTitle "CBM 174 Extra"]
[Source "ChessBase"]
[SourceDate "2016.10.10"]
[SourceVersion "1"]
[SourceVersionDate "2016.10.10"]
[SourceQuality "1"]
[WhiteTeam "Morocco (W)"]
[BlackTeam "Iceland (W)"]
[WhiteTeamCountry "MAR"]
[BlackTeamCountry "ISL"]

1. d4 d5 2. c4 c6 3. Nc3 dxc4 4. a4 e5 5. dxe5 Qxd1+ 6. Kxd1 Be6 7. f4 Na6 8. Nf3 0-0-0+ 9. Bd2 Nc5 10. Kc2 Bf5+ 11. e4 Nxe4 12. Nxe4 Bxe4+ 13. Kc1 Bd5 14. Be3 Bb4 15. Bxa7 c5 16. Bb6 Rd7 17. Be2 Ne7 18. Nh4 h5 19. Rd1 g6 20. a5 Nc6 21. Bf3 Nd4 22. Bxd5 Rxd5 23. Kb1 Rd7 24. Ka2 Re7 25. Rac1 g5 26. Rxd4 cxd4 27. Nf5 Rd7 28. Rxc4+ Kb8 29. Rxb4 d3 30. Ne3 d2 31. a6 gxf4 32. a7+ Ka8 33. Nd1 Rg8 34. Rxf4 Rg6 35. Be3 b5 36. g3 Ra6+ 37. Kb3 Ra1 38. e6 Rd8 39. e7 Re8 40. Rxf7 Kb7 41. Rf8 Rxe7 42. Rb8+ Kc6 43. a8Q+ Rxa8 44. Rxa8 h4 45. gxh4 Re4 46. Rh8 Rg4 47. Bxd2 1-0

[Event "Olympiad Women-42"]
[Site "Baku"]
[Date "2016.09.05"]
[Round "4.44"]
[White "Rania, Sbai"]
[Black "Lagutina, Olga"]
[Result "0-1"]
[WhiteElo "1907"]
[BlackElo "1910"]
[PlyCount "72"]
[EventDate "2016.09.02"]
[EventType "team-swiss"]
[EventRounds "11"]
[EventCountry "AZE"]
[SourceTitle "CBM 174 Extra"]
[Source "ChessBase"]
[SourceDate "2016.10.10"]
[SourceVersion "1"]
[SourceVersionDate "2016.10.10"]
[SourceQuality "1"]
[WhiteTeam "Morocco (W)"]
[BlackTeam "ICCD (W)"]
[WhiteTeamCountry "MAR"]

1. d4 Nf6 2. c4 e6 3. Nc3 d5 4. Nf3 Nbd7 5. e3 c6 6. a3 Bd6 7. Qc2 0-0 8. Bd3 Re8 9. 0-0 e5 10. e4 exd4 11. Nxd4 dxc4 12. Bxc4 Nb6 13. Bd3 Bxh2+ 14. Kxh2 Ng4+ 15. Kg1 Qxd4 16. Ne2 Qf6 17. Bf4 Ne5 18. Bxe5 Rxe5 19. Ng3 Qf4 20. Ne2 Qh4 21. f4 Rh5 22. f5 Nd7 23. Nd4 Ne5 24. Nf3 Nxf3+ 25. Rxf3 Qh1+ 26. Kf2 Qxa1 27. Rg3 Rh1 28. Qc3 Qg1+ 29. Kf3 Qd1+ 30. Kf2 g6 31. Qf6 Qd2+ 32. Be2 Bxf5 33. Qxf5 Qd4+ 34. Kf3 Re8 35. Rg4 Re6 36. Qg5 Qf6+ 0-1

[Event "Olympiad Women-42"]
[Site "Baku"]
[Date "2016.09.04"]
[Round "3.28"]
[White "Alboredo, Julia"]
[Black "Rania, Sbai"]
[Result "1-0"]
[WhiteElo "2135"]
[BlackElo "1907"]
[PlyCount "61"]
[EventDate "2016.09.02"]
[EventType "team-swiss"]
[EventRounds "11"]
[EventCountry "AZE"]
[SourceTitle "CBM 174 Extra"]
[Source "ChessBase"]
[SourceDate "2016.10.10"]
[SourceVersion "1"]
[SourceVersionDate "2016.10.10"]
[SourceQuality "1"]
[WhiteTeam "Brazil (W)"]
[BlackTeam "Morocco (W)"]
[WhiteTeamCountry "BRA"]
[BlackTeamCountry "MAR"]

1. e4 e5 2. Nf3 Nc6 3. Bb5 a6 4. Ba4 Nf6 5. 0-0 b5 6. Bb3 Be7 7. d3 d6 8. c3 Na5 9. Bc2 c5 10. h3 0-0 11. Re1 Re8 12. Nbd2 Bf8 13. Nf1 h6 14. Ng3 g6 15. a4 b4 16. cxb4 cxb4 17. d4 Qc7 18. b3 Nc6 19. d5 Nb8 20. a5 Nbd7 21. Be3 Nc5 22. Nd2 Bd7 23. Nc4 Bb5 24. Nb6 Rab8 25. Qd2 Nfd7 26. Nxd7 Bxd7 27. Bxh6 Rb5 28. Bxf8 Rxf8 29. Qh6 Qd8 30. Bd1 Qf6 31. Nh5 1-0

[Event "Olympiad Women-42"]
[Site "Baku"]
[Date "2016.09.03"]
[Round "2.58"]
[White "Thobile, Mthwethwa"]
[Black "Rania, Sbai"]
[Result "0-1"]
[WhiteElo "1392"]
[BlackElo "1907"]
[PlyCount "58"]
[EventDate "2016.09.02"]
[EventType "team-swiss"]
[EventRounds "11"]
[EventCountry "AZE"]
[SourceTitle "CBM 174 Extra"]
[Source "ChessBase"]
[SourceDate "2016.10.10"]
[SourceVersion "1"]
[SourceVersionDate "2016.10.10"]
[SourceQuality "1"]
[WhiteTeam "Swaziland (W)"]
[BlackTeam "Morocco (W)"]
[WhiteTeamCountry "SWA"]
[BlackTeamCountry "MAR"]

1. d4 d5 2. Nf3 Nf6 3. Bf4 e6 4. e3 c5 5. c3 Nc6 6. Bd3 Bd6 7. h3 Bxf4 8. exf4 cxd4 9. cxd4 Qd6 10. Qd2 Ne4 11. Qc1 Nb4 12. Bb5+ Bd7 13. Nc3 Nxc3 14. Qxc3 Bxb5 15. 0-0-0 Nxa2+ 16. Kd2 Nxc3 17. bxc3 Qxf4+ 18. Kc2 Ba4+ 19. Kd3 Qe4+ 20. Kd2 Qc2+ 21. Ke3 Qe4+ 22. Kd2 Bxd1 23. Rxd1 a5 24. Re1 Qf4+ 25. Kd3 a4 26. g3 Qxf3+ 27. Re3 Qxe3+ 28. fxe3 a3 29. Kc2 a2 0-1